000 00569nam a2200241 a 4500
001 nice12345678
003 IN_TiNIC
005 20260116011810.0
008 050524s1870 laha grp 000 0 urd
020 _a
_c100
082 0 0 _a297.09
_bKHA2
100 _aKhan, Syed Ahmed
245 _aAl-Khutbat-Al-Ahmadiaya
260 _aLahore
_bMatba Noolkishore
_c1870
300 _a752p.
500 _aincludes index and biblioraphy
505 2 _aill.
650 _aIslam-Origin
700 1 _aKhan, Syed Ahmed
902 _bSRS
942 _cBK
999 _c4059
_d4059